Statistics for 20 richest people in 2024

Click here to take the quiz!

General Stats

  • This quiz has been taken 52 times
  • The average score is 7 of 20

Answer Stats

Net worthAnswer% Correct
$251.3BElon Musk
98%
$119.6BBill Gates
87%
$174.2BJeff Bezos
85%
$125.3BMark Zuckerberg
72%
$196.9BBernard Arnault
46%
$118.6BWarren Buffett
46%
$117.2BLarry Page
35%
$66.2BJim Walton
26%
$96.3BMichael Bloomberg
26%
$65.5BRob Walton
26%
$135.3BLarry Ellison
24%
$112.4BSergey Brin
24%
$100.7BMukesh Ambani
20%
$112.2BSteve Ballmer
20%
$73.9BGautam Adani
17%
$100.8BAmancio Ortega
13%
$105.2BCarlos Slim Helu
13%
$96.9BFrancoise Bettencourt Meyers
9%
$69.4BMichael Dell
9%
$66.5BZhong Shanshan
2%

Score Distribution

Percentile by Number Answered

Percent of People with Each Score

Your Score History

You have not taken this quiz